TOEFL iBT Premier, 5e (Record no. 327092)

000 -LEADER
fixed length control field 00347 a2200145 4500
001 - CONTROL NUMBER
control field 92019
082 ## - DEWEY DECIMAL CLASSIFICATION NUMBER
Classification number 428.24076 kap
090 ## - LOCALLY ASSIGNED LC-TYPE CALL NUMBER (OCLC); LOCAL CALL NUMBER (RLIN)
-- 43976
-- 43975
100 ## - MAIN ENTRY--PERSONAL NAME
Personal name Kaplan
245 ## - TITLE STATEMENT
Title TOEFL iBT Premier, 5e
250 ## - EDITION STATEMENT
Edition statement 5e
260 ## - PUBLICATION, DISTRIBUTION, ETC.
Place of publication, distribution, etc. New York
Name of publisher, distributor, etc. Kaplan Publisher
Date of publication, distribution, etc. 2014
300 ## - PHYSICAL DESCRIPTION
Extent 392p.
Accompanying material 2 CDS of Audio files
500 ## - GENERAL NOTE
General note Reference book
942 ## - ADDED ENTRY ELEMENTS (KOHA)
Institution code [OBSOLETE] CAE NUST
Call number prefix 428.24076/kap
Holdings
Withdrawn status Lost status Damaged status Not for loan Collection code Permanent Location Current Location Date acquired Total Checkouts Full call number Barcode Date last seen Price effective from Koha item type
          College of Aeronautical Engineering (CAE) College of Aeronautical Engineering (CAE) 04/03/2017   428.24076/kap CAE88420 04/05/2017 04/05/2017 Book
© 2023 Central Library, National University of Sciences and Technology. All Rights Reserved.